000 00782nab a2200241 u 4500
001 22688
003 HDC
007 cr bn ---aaaaa
008 210314c xx dr|noo 0 a eng d
040 _aHDC
245 0 _aTurkey passes halal accreditation agency law
260 _a[No place] :
_b[publisher not identified],
_c[no date]
336 _atext
_2rdacontent
337 _acomputer
_2rdamedia
338 _aonline resource
_2rdacarrier
650 _aHalal food industry
_9128
650 _aMuslims
_9247
710 _aWorld Bulletin
856 _zRequest full-text at [email protected]
942 _2lcc
942 _cNEWS
942 _kNWSO 004271
999 _c20004
_d20004